Metal resources and energy
Enregistré dans:
| Auteurs principaux: | , |
|---|---|
| Format: | Livre |
| Langue: | anglais |
| Publié: |
Londres
Butteworths
1983
|
| Collection: | Butteworths Monographs in Materials
|
| Sujets: | |
| Tags: |
Ajouter un tag
Pas de tags, Soyez le premier à ajouter un tag!
|
MARC
| LEADER | 00000nam a2200000 a 4500 | ||
|---|---|---|---|
| 001 | UCU2666 | ||
| 003 | CL-VaPUC | ||
| 008 | 960426e19830000UK |||||||||||||||||eng|d | ||
| 082 | 0 | 4 | |a 333.79 |b CHA |2 21 |
| 100 | 0 | |a Chapman, P. F |e author |9 359010 | |
| 700 | 0 | |a Roberts, F |e author |9 359011 | |
| 245 | 1 | 0 | |a Metal resources and energy |
| 300 | |a 238 p | ||
| 942 | |c BK | ||
| 945 | |d 19960426 00:00:00 |a paguirre | ||
| 260 | |a Londres |b Butteworths |c 1983 | ||
| 650 | 0 | |a Recursos naturales |9 255232 | |
| 650 | 0 | |a Energía |9 259431 | |
| 650 | 0 | |a Metales |9 260686 | |
| 650 | 0 | |a Economía |9 255568 | |
| 650 | 0 | |a Termodinámica |9 259320 | |
| 583 | |a last modification |c 19960426 00:00:00 |k Rodrigo Vera | ||
| 490 | 0 | |a Butteworths Monographs in Materials | |
| 999 | |c 246903 |d 246901 | ||
| 952 | |0 0 |1 0 |4 0 |6 333_790000000000000_CHA_1983 |7 0 |8 A |9 262262 |a BIBING |b BIBING |d 2019-11-19 |i 1642146 |o 333.79 CHA 1983 |p 1642146 |r 2025-01-20 |w 2019-11-19 |y BK |k EIQ | ||